000 00977nam a2200277Ia 4500
003 OSt
005 20210106162725.0
008 191128s2002 ck gr 000 0 spa d
020 _a9581202161
020 _a9581202129
_qObra completa
040 _aCO-JMCR
_cCO-JMCR
041 0 _aspa
082 0 4 _a658.8007 /
_bF798g
_223
100 1 _aFracica Naranjo, Germán,
_eautor
_912755
245 1 0 _aGuía para el diseño y desarrollo de un plan de muestreo aplicado a la investigación de mercados /
_cGermán Fracica Naranjo
250 _aPrimera edición
260 _aBogotá :
_bUniversidad de La Sabana,
_c2002
300 _a30 páginas ;
_c24 cm.
490 0 _aColección notas de clase
504 _aBibliografía: página 20
505 0 _aAspectos generales -- Caso de estudio El Frutal
650 1 4 _aMuestreo (estadística)
_xmercadeo
_912756
650 1 4 _aAnálisis de mercadeo
_912749
650 1 4 _aFrutas
_xinvestigaciones
_xmercadeo
_912757
942 _2ddc
_cBK
999 _c6199
_d6199